Developmental psychology (Record no. 432)

000 -LEADER
fixed length control field 00601nam a22002297a 4500
003 - CONTROL NUMBER IDENTIFIER
control field OSt
005 - DATE AND TIME OF LATEST TRANSACTION
control field 20210614083600.0
008 - FIXED-LENGTH DATA ELEMENTS--GENERAL INFORMATION
fixed length control field 210614b ||||| |||| 00| 0 eng d
020 ## - INTERNATIONAL STANDARD BOOK NUMBER
International Standard Book Number 9780176441821
040 ## - CATALOGING SOURCE
Transcribing agency alupe university
050 ## - LIBRARY OF CONGRESS CALL NUMBER
Classification number BF721
Item number .D476 2009
100 ## - MAIN ENTRY--PERSONAL NAME
Personal name David R Shaffer
245 ## - TITLE STATEMENT
Title Developmental psychology
Remainder of title childhood and adolescence
260 ## - PUBLICATION, DISTRIBUTION, ETC.
Place of publication, distribution, etc. Toronto, Canada
Name of publisher, distributor, etc. Nelson Education,
Date of publication, distribution, etc. 2009
300 ## - PHYSICAL DESCRIPTION
Extent 680p
500 ## - GENERAL NOTE
General note includes indexes
650 ## - SUBJECT ADDED ENTRY--TOPICAL TERM
Form subdivision Psychology
700 ## - ADDED ENTRY--PERSONAL NAME
Personal name Katherine Kipp
700 ## - ADDED ENTRY--PERSONAL NAME
Personal name Eileen Wood
700 ## - ADDED ENTRY--PERSONAL NAME
Personal name Teena Willoughby
942 ## - ADDED ENTRY ELEMENTS (KOHA)
Source of classification or shelving scheme
Koha item type Book
Holdings
Withdrawn status Lost status Source of classification or shelving scheme Damaged status Not for loan Permanent Location Current Location Shelving location Date acquired Total Checkouts Full call number Barcode Date last seen Price effective from Koha item type Public note
          AU LIBRARY AU LIBRARY Open Shelf 14.06.2021   BF721 .D476 2009 28000041 14.06.2021 14.06.2021 Book MW

Powered by Koha